书目信息 |
| 题名: |
平等权及其公法保障与救济
|
|
| 作者: | 莫于川 主编 | |
| 分册: | ||
| 出版信息: | 北京 法律出版社 2014 |
|
| 页数: | 215页 | |
| 开本: | 23cm | |
| 丛书名: | 海峡两岸公法学论丛 | |
| 单 册: | ||
| 中图分类: | D90-53 | |
| 科图分类: | ||
| 主题词: | 公法--文集 , 公法 | |
| 电子资源: | ||
| ISBN: | 978-7-5118-5987-7 | |
| 000 | 00919nam0 2200265 450 | |
| 001 | 523 | |
| 005 | 20140905102122.10 | |
| 010 | @a978-7-5118-5987-7@dCNY39.00 | |
| 100 | @a20140409d2014 em y0chiy50 ea | |
| 101 | 0 | @achi |
| 102 | @aCN@b110000 | |
| 105 | @aa z 000yy | |
| 106 | @ar | |
| 200 | 1 | @a平等权及其公法保障与救济@APing Deng Quan Ji Qi Gong Fa Bao Zhang Yu Jiu Ji@f莫于川主编@FMo Yu Chuan Zhu Bian |
| 210 | @a北京@c法律出版社@d2014 | |
| 215 | @a215页@c照片@d23cm | |
| 225 | 2 | @a海峡两岸公法学论丛@v2 |
| 330 | @a本书以“平等权的公法保障与救济”为主题,采纳了海峡两岸公法学人关于平等权的研究成果,其中涵盖了平等权的规范与解释、平等权的制度与实践、平等权的保障与救济。 | |
| 461 | 0 | @12001 @a海峡两岸公法学论丛 |
| 606 | 0 | @a公法@j文集 |
| 606 | 0 | @a公法 |
| 690 | @aD90-53@v5 | |
| 701 | 0 | @a莫于川@AMo Yu Chuan@f(1956~)@4主编 |
| 801 | 0 | @aCN@bTANGWEI@c20140603 |
| 905 | @b0841253-55@dD90-53@e502@f3 | |
| 平等权及其公法保障与救济/莫于川主编.-北京:法律出版社,2014 |
| 215页:照片;23cm.-(海峡两岸公法学论丛;2) |
| ISBN 978-7-5118-5987-7:CNY39.00 |
| 本书以“平等权的公法保障与救济”为主题,采纳了海峡两岸公法学人关于平等权的研究成果,其中涵盖了平等权的规范与解释、平等权的制度与实践、平等权的保障与救济。 |
| ● |
| 相关链接 |
|
|
|
|
正题名:平等权及其公法保障与救济
索取号:D90-53/502
 
预约/预借
| 序号 | 登录号 | 条形码 | 馆藏地/架位号 | 状态 | 备注 |
| 1 | 0841253 | 208412537 | 第一样本阅览室/ [索取号:D90-53/502] | 在馆 | |
| 2 | 0841254 | 208412546 | 密集书库-史法系/ [索取号:D90-53/502] | 在馆 | |
| 3 | 0841255 | 208412555 | 第一借阅区/ [索取号:D90-53/502] | 在馆 |